书目信息 |
| 题名: |
教育研究方法
|
|
| 作者: | 华国栋 主编 | |
| 分册: | ||
| 出版信息: | 南京 南京大学出版社 2013 |
|
| 页数: | 324页 | |
| 开本: | 23cm | |
| 丛书名: | ||
| 单 册: | ||
| 中图分类: | G40-034 | |
| 科图分类: | ||
| 主题词: | 教育科学--jiao yu ke xue--研究方法--高等学校--教材 | |
| 电子资源: | ||
| ISBN: | 978-7-305-11780-0 | |
| 000 | 00925nam0 2200289 450 | |
| 001 | 012001002505 | |
| 005 | 20191121151032.93 | |
| 010 | @a978-7-305-11780-0@dCNY39.00 | |
| 099 | @aCAL 012013149305 | |
| 100 | @a20130819d2013 em y0chiy50 ea | |
| 101 | 0 | @achi |
| 102 | @aCN@b320000 | |
| 105 | @ak a 000yy | |
| 106 | @ar | |
| 200 | 1 | @a教育研究方法@Ajiao yu yan jiu fang fa@f华国栋主编 |
| 205 | @a第2版 | |
| 210 | @a南京@c南京大学出版社@d2013 | |
| 215 | @a324页@d23cm | |
| 305 | @a2005年第一版 | |
| 320 | @a有书目 (第323-324页) | |
| 330 | @a本书共分十四章, 主要包括教育研究概述、选题和论证、文献的搜索和利用、研究过程的设计、教育观察法、教育测量法等内容。 | |
| 333 | @a高等学校小学教育专业教材 | |
| 606 | 0 | @a教育科学@Ajiao yu ke xue@x研究方法@x高等学校@j教材 |
| 690 | @aG40-034@v4 | |
| 701 | 0 | @a华国栋@Ahua guo dong@4主编 |
| 801 | 2 | @aCN@b江苏凤凰@c20191020 |
| 905 | @b1229300-1@dG40-034@e1028=2@f2 | |
| 教育研究方法/华国栋主编.-第2版.-南京:南京大学出版社,2013 |
| 324页;23cm |
| 使用对象:高等学校小学教育专业教材 |
| ISBN 978-7-305-11780-0:CNY39.00 |
| 本书共分十四章, 主要包括教育研究概述、选题和论证、文献的搜索和利用、研究过程的设计、教育观察法、教育测量法等内容。 |
| ● |
| 相关链接 |
|
|
|
|
正题名:教育研究方法
索取号:G40-034/1028=2
 
预约/预借
| 序号 | 登录号 | 条形码 | 馆藏地/架位号 | 状态 | 备注 |
| 1 | 1229300 | 212293007 | 第一样本阅览室/ [索取号:G40-034/1028=2] | 在馆 | |
| 2 | 1229301 | 212293016 | 第四借阅区/ [索取号:G40-034/1028=2] | 在馆 |